000 00488nam a2200193Ia 4500
005 20250326124817.0
008 250326s9999 xx 000 0 und d
037 _aTextbook
040 _aFMSL
_beng
_cFMSL
041 _aeng
_2eng
084 _aX:89Q8 L4
_qFMSL
100 _aJuran J M
245 0 _aQuality control handbook
_cJuran J M
250 _a3
260 _aNY
_bNY, McGraw-Hill
_c1974
300 _avp
942 _cTB
_hX:89Q8 L4
999 _c1275315
_d1275315